| 000 | 00815nas a2200277 4500 | ||
|---|---|---|---|
| 001 | BR2017001883 | ||
| 003 | BR-BrBNA | ||
| 005 | 20231205131020.0 | ||
| 007 | ta | ||
| 008 | 230509b bl.|||p| |||| 00| 00por d | ||
| 040 |
_aBR-BrBNA _bpor _cBiblioteca Nacional de Agricultura |
||
| 041 | _a(En) | ||
| 072 | _aF30 | ||
| 100 | 1 | _aArashida, F.M. | |
| 100 | 1 | _aMaluf, W.R. | |
| 100 | 1 | _aCarvalho, R.C. | |
| 245 | 1 | _aGeneral and specific combining ability in tropical winter cauliflower | |
| 650 | _aCOUVE-FLOR | ||
| 650 | _aLINHAGEM | ||
| 650 | _aGENÓTIPO | ||
| 650 | _aCRUZAMENTO | ||
| 650 | _aMELHORAMENTO VEGETAL | ||
| 773 | 0 |
_tHorticultura Brasileira (Brazil) _xISSN 0102-0536 _g(Apr-Jun 2017), v. 35(2) p. 167-173 _wBR2017001883 |
|
| 909 |
_a202311 _bLúcia _c55 _dLúcia Elande |
||
| 942 |
_2AGRIS _n0 _cANA |
||
| 999 |
_c252600 _d252600 |
||